[Event "Ankara Baskent Univ op-B 5th"]
[Site "Ankara"]
[Date "2022.07.07"]
[Round "9"]
[White "Kavri, Yusuf Eren"]
[Black "Turkmen, Ataberk"]
[Result "1-0"]
[WhiteElo "1983"]
[BlackElo "1935"]
[PlyCount "145"]
[EventDate "2022.07.02"]
[EventType "swiss"]
[EventRounds "9"]
[EventCountry "TUR"]
[SourceTitle "EXT 2023"]
[Source "ChessBase"]
[SourceDate "2022.10.05"]
[SourceVersion "1"]
[SourceVersionDate "2022.10.05"]
[SourceQuality "1"]

1. c4 g6 2. d4 Bg7 3. Nc3 d6 4. e4 c5 5. d5 Na6 6. h3 Nc7 7. Nf3 e5 8. dxe6 fxe6 9. Bg5 Bf6 10. Qd2 Bxg5 11. Nxg5 Ne7 12. Rd1 Nc6 13. Nf3 Rf8 14. Qxd6 Qxd6 15. Rxd6 Ke7 16. Rd2 b6 17. Be2 Bb7 18. 0-0 Rad8 19. Rfd1 Rxd2 20. Rxd2 Ne8 21. Bd1 Nd6 22. b3 Rf4 23. g3 Rf8 24. Kg2 a6 25. Ne1 Ne5 26. f3 b5 27. cxb5 axb5 28. Nc2 Bc6 29. a3 Ra8 30. Be2 g5 31. Kf2 Rf8 32. Ke3 h5 33. Rd1 Rg8 34. Rg1 Nd7 35. b4 Ra8 36. bxc5 Nxc5 37. Rb1 Na4 38. Nxa4 Rxa4 39. Rb4 Ra8 40. Rb3 Bd7 41. Rc3 h4 42. gxh4 gxh4 43. Rc5 Rh8 44. Bd3 Nb7 45. Rc7 Nd6 46. e5 Nf7 47. f4 Kd8 48. Ra7 Rg8 49. Ra8+ Bc8 50. Bxb5 Rg3+ 51. Kd4 Kc7 52. Ra7+ Kb6 53. Rxf7 Kxb5 54. Rc7 Ba6 55. Nb4 Rxa3 56. Nxa6 Rxa6 57. Ke4 Ra3 58. Re7 Rxh3 59. Rxe6 Rh1 60. Kf5 h3 61. Rh6 h2 62. Ke6 Rf1 63. Rxh2 Rxf4 64. Rc2 Kb6 65. Ke7 Rf3 66. e6 Kb7 67. Ke8 Rf1 68. e7 Rf3 69. Rc4 Rf1 70. Kd7 Rd1+ 71. Ke6 Re1+ 72. Kd6 Re2 73. Rc5 1-0

[Event "Ankara Ipek Memorial 7th"]
[Site "Ankara"]
[Date "2019.03.07"]
[Round "2"]
[White "Turkmen, Ataberk"]
[Black "Sac, Hakan"]
[Result "1-0"]
[WhiteElo "1868"]
[BlackElo "1604"]
[PlyCount "30"]
[EventDate "2019.03.06"]
[EventType "swiss"]
[EventRounds "7"]
[EventCountry "TUR"]
[SourceTitle "CBM 189 Extra"]
[Source "ChessBase"]
[SourceDate "2019.06.03"]
[SourceVersion "1"]
[SourceVersionDate "2019.06.03"]
[SourceQuality "1"]

1. e4 c6 2. d4 d5 3. f3 g6 4. Nc3 Bg7 5. Be3 dxe4 6. fxe4 Qb6 7. Qd2 Qxb2 8. Rb1 Qa3 9. Nf3 Nf6 10. Bd3 0-0 11. h3 Nbd7 12. 0-0 Qa5 13. e5 Nd5 14. Nxd5 Qxd5 15. c4 Qe6 1-0

[Event "TUR-chT2"]
[Site "Konya"]
[Date "2018.07.14"]
[Round "8.16"]
[White "Turkmen, Ataberk"]
[Black "Tayhan, Nart Murat"]
[Result "1/2-1/2"]
[WhiteElo "1737"]
[BlackElo "1759"]
[PlyCount "42"]
[EventDate "2018.07.10"]
[EventType "team-swiss"]
[EventRounds "9"]
[EventCountry "TUR"]
[SourceTitle "EXT 2019"]
[Source "ChessBase"]
[SourceDate "2018.10.10"]
[SourceVersion "1"]
[SourceVersionDate "2018.10.10"]
[SourceQuality "1"]
[WhiteTeam "Polatli Belediyesi"]
[BlackTeam "Akcakoca Esentepe Okulu"]
[WhiteTeamCountry "TUR"]
[BlackTeamCountry "TUR"]

1. e4 c5 2. c4 Nc6 3. Nc3 g6 4. g3 Bg7 5. Bg2 d6 6. Nge2 e5 7. d3 Nge7 8. 0-0 0-0 9. Rb1 Be6 10. h3 Qd7 11. Kh2 Nd4 12. Nxd4 cxd4 13. Nd5 Bxd5 14. exd5 b5 15. Kh1 Kh8 16. Kh2 Kg8 17. Kh1 Kh8 18. Kg1 Kg8 19. Kh1 Kh8 20. Kg1 Kg8 21. Kh1 Kh8 1/2-1/2